| 000 | 01074cam a2200301 a 4500 | ||
|---|---|---|---|
| 003 | CHAP | ||
| 005 | 20220329142407.0 | ||
| 008 | 001115d1993 us r 00010 eng d | ||
| 010 | _a82830 | ||
| 011 | _a83802 | ||
| 035 | _a94318 | ||
| 040 | _cCHAP | ||
| 090 | _aR-3685 | ||
| 100 | 0 | 0 |
_aHaddad, Lawrence J. _952184 |
| 245 | 1 | 0 |
_aGender bias in the allocation of resources witthin households in Burkina Faso: _ba disaggregated outlay equivalent analysis _c/by Lawrence Haddad and Thomas Reardon |
| 500 | _aSobretiro de: The Journal of Development Studies 29 (2) : 261-276, january 1993. | ||
| 590 |
_aBATCH-UPD _b10 _c20130110 _lUCH01 _h1441 |
||
| 590 |
_aBATCH-UPD _b10 _c20130410 _lUCH01 _h0913 |
||
| 590 |
_aCONVERSION _b10 _c20130109 _lUCH01 _h1346 |
||
| 650 | 1 | 4 |
_aAgricultura _xAspectos economicos _xAfrica. _91198 |
| 650 | 1 | 4 |
_aDesarrollo de la comunidad rural. _931995 |
| 650 | 1 | 4 |
_aFamilia. _939405 |
| 700 | 0 |
_aReardon, Thomas. _994942 |
|
| 901 | _aBK | ||
| 905 | _aMarco A. Mendoza T. | ||
| 942 | _cREIMP | ||
| 949 |
_aR-3685 _bBC _cR _d33724002016207 _eTS1 _i94318 _sb |
||
| 999 |
_c82830 _d82830 |
||